LEADER 01147nam2-2200385---450- 001 990006168070203316 005 20160913163030.0 010 $a9978-84-012-5$b(vol. 11) 035 $a000616807 035 $aUSA01000616807 035 $a(ALEPH)000616807USA01 035 $a000616807 100 $a20011205d1991----km-y0itay0103----ba 101 $aspa 102 $aIT 105 $a||||||||001yy 200 1 $a<<11.:>> Época republicana V$eel Ecuador en el último periodo$fEnrique Ayala Mora, editor$gcoordinadores del volumen Fernando Tinajero, José Moncada 205 $a1. ed. 210 $aQuito$cCorporación Editora Nacional$d1991 215 $a217 p., [4] c. di tav.$cill.$d20 cm 410 $12001 461 1$1001000616522$12001 606 0 $aEcuador$xStoria 676 $a984 702 $aAYALA MORA,$bEnrique 702 $aTINAJERO,$bFernando 702 $aMONCADA,$bJosé 801 0$aIT$bsalbc$gISBD 912 $a990006168070203316 951 $aVI.7.C. 11$b7191 ISLA 959 $aBK 969 $aUMA 979 $aMARANO$b90$c20160913$lUSA01$h1630 996 $aÉpoca republicana V$91393560 997 $aUNISA LEADER 02000nam a2200349 i 4500 001 991004123169707536 008 090130s2005 it 001 0 ita d 035 $ab1380621x-39ule_inst 040 $aFacoltà SSPT$bita 082 0 $a331.59 245 10$aICF e politiche del lavoro 246 13$aProgetto ICF e Politiche del lavoro. 260 $a[Roma] :$bMinistero del lavoro e delle politiche sociali :$bItalia Lavoro,$cstampa 2005 300 $a8 v. ;$c21 cm 500 $aIn custodia. - Tit. della custodia: Progetto ICF e politiche del lavoro 505 2 $g1.:Il$tprogetto : nascita, sviluppo, risulati / a cura di Mario Conclave e Agostino Petrangeli.$g- 95 p. 505 2 $g2.:Il $tmodello di formazione : uno strumento per la qualificazione dei servizi per l'inclusione socio-lavorativa / a cura di Mario Conclave e Rita Serio.$g- 191 p. 505 2 $g3.:La $tsperimentazione sul territorio : ICF come strumento per l'inserimento lavorativo? / a cura di Mario Conclave e Giovanna Gorini.$g- 96 p. 505 2 $g4.:L'$tanalisi di contesto : applicazione alla filiera del Collocamento Mirato / a cura di Mario Conclave e Giovanna Gorini.$g- 224 p. 700 1 $aConclave, Mario 700 1 $aPetrangeli, Agostino 700 1 $aSerio, Rita 700 1 $aGorini, Giovanna 907 $a.b1380621x$b02-04-14$c30-01-09 912 $a991004123169707536 945 $aLE021 331.59 ICF01.01$cV. 1$g1$i2020000010890$lle021$og$pE10.00$q-$rn$s- $t0$u2$v0$w2$x0$y.i14923907$z30-01-09 945 $aLE021 331.59 ICF01.01$cV. 2$g1$i2020000010883$lle021$og$pE10.00$q-$rn$s- $t0$u0$v0$w0$x0$y.i14923920$z30-01-09 945 $aLE021 331.59 ICF01.01$cV. 3$g1$i2020000010876$lle021$og$pE10.00$q-$rn$s- $t0$u0$v0$w0$x0$y.i14923944$z30-01-09 945 $aLE021 331.59 ICF01.01$cV. 4$g1$i2020000010869$lle021$og$pE10.00$q-$rn$s- $t0$u0$v0$w0$x0$y.i14923956$z30-01-09 996 $aICF e politiche del lavoro$91226171 997 $aUNISALENTO 998 $ale020$b30-01-09$cm$da $e-$fita$git $h0$i0 LEADER 02528 am 2200613 n 450 001 9910619500303321 005 20211124 010 $a2-7297-1324-7 024 7 $a10.4000/books.pul.37420 035 $a(CKB)4100000012897340 035 $a(FrMaCLE)OB-pul-37420 035 $a(oapen)https://directory.doabooks.org/handle/20.500.12854/95182 035 $a(PPN)265625351 035 $a(EXLCZ)994100000012897340 100 $a20221028j|||||||| ||| 0 101 0 $afre 135 $auu||||||m|||| 181 $ctxt$2rdacontent 182 $cc$2rdamedia 183 $acr$2rdacarrier 200 10$aDionysos au quotidien $eEssai d?anthropologie théâtrale /$fJean Verdeil 210 $aLyon $cPresses universitaires de Lyon$d2021 215 $a1 online resource (222 p.) 225 1 $aCRÉA 311 $a2-7297-0623-2 330 $aCet ouvrage se veut un ouvrage d?anthropologie. L?auteur s?est efforcé de mettre en rapport deux techniques : la possession et le jeu dramatique, techniques appartenant à des cultures bien différentes, mais qui mettent en jeu des possibilités psycho-physiologiques qui appartiennent à notre espèce humaine. Dans l?expression dramatique, la prise de conscience que le moi social n?est qu?une potentialité peut être suivie de débuts de réorganisation de la personnalité... Mais tandis que la possession ne produit qu?une réorganisation limitée dans le temps, le jeu dramatique, à l?instar de la psychanalyse, permettrait une réorganisation plus profonde. Ne pourrait-on pas penser qu?un état de transe induit par des pratiques de jeûne ou par toute autre technique amenant à la transe, a pu conduire des hommes à se sentir habités par une force inconnue qu?ils ont appelée dieu ou Dieu ? 606 $aAnthropology 606 $aTheater 606 $athéâtre 606 $amise en scène 606 $adramatique 606 $apossession 606 $ajeûne 606 $atranse 610 $athéâtre 610 $amise en scène 610 $adramatique 610 $apossession 610 $ajeûne 610 $atranse 615 4$aAnthropology 615 4$aTheater 615 4$athéâtre 615 4$amise en scène 615 4$adramatique 615 4$apossession 615 4$ajeûne 615 4$atranse 700 $aVerdeil$b Jean$01341583 801 0$bFR-FrMaCLE 906 $aBOOK 912 $a9910619500303321 996 $aDionysos au quotidien$93064185 997 $aUNINA